[Event "WIOSENNY OGOLNOPOLSKI INTEGRACYJNY TURNIEJ SZACHOWY"]
[Site "WEGIERSKA GORKA - OW AZALIA"]
[Date "1899-12-30"]
[Round "3.4"]
[White "Ulrych, Wojciech"]
[Black "Furtak, Joanna"]
[Result "0-1"]
[WhiteTitle "I++"]
[BlackTitle "k"]
[WhiteElo "1813"]
[BlackElo "1892"]

1. e4 c5 2. Nc3 Nc6 3. g3 g6 4. Bg2 Bg7 5. d3 e6 6. f4 Nge7 7. Nf3 f5 8. Be3 b6
9. e5 a6 10. O-O Rb8 11. Nd2 d6 12. exd6 Qxd6 13. Nc4 Qc7 14. Rb1 O-O 15. Re1
b5 16. Nd2 Nd4 17. Nf3 Nec6 18. Ne2 Nxf3+ 19. Bxf3 Nd4 20. Bxd4 cxd4 21. c3 dxc3
22. bxc3 Bxc3 23. Nxc3 Qxc3 24. Qe2 Qd4+ 25. Qe3 Rd8 26. Rbd1 Kf7 27. Kg2 Qxe3
28. Rxe3 Bb7 29. d4 Bxf3+ 30. Kxf3 Rbc8 31. Ra3 Rd6 32. Rd2 Rc4 33. Ke3 Ke7 34.
h3 Kd7 35. g4 Kc7 36. Rad3 Rdc6 37. gxf5 exf5 38. Ra3 Kd6 39. Rdd3 Kd5 40. Ra5
Re6+ 41. Kf3 Rxd4 42. Rda3 Ree4 43. Rxa6 Rxf4+ 44. Kg3 Ra4 45. Rb3 Rfb4 46. Rxb4
Rxb4 47. Ra7 Ra4 48. Rxh7 Rxa2 49. Kf4 b4 50. Rg7 Ra6 51. h4 b3 52. Rb7 Kc4 53.
h5 gxh5 54. Kxf5 Kc3 55. Rh7 b2 56. Rxh5 0-1

[Event "WIOSENNY OGOLNOPOLSKI INTEGRACYJNY TURNIEJ SZACHOWY"]
[Site "WEGIERSKA GORKA - OW AZALIA"]
[Date "1899-12-30"]
[Round "3.5"]
[White "Krupa, Jerzy"]
[Black "Kawula, Andrzej"]
[Result "0-1"]
[WhiteTitle "I"]
[BlackTitle "k"]
[WhiteElo "1813"]
[BlackElo "1874"]

1. e4 e6 2. d4 d5 3. exd5 exd5 4. Nf3 Nf6 5. Bd3 c5 6. O-O c4 7. Re1+ Be7 8. Bf1
O-O 9. b3 cxb3 10. axb3 Nc6 11. Ba3 Bxa3 12. Nxa3 Bg4 13. Be2 Qb6 14. c3 Ne4 15.
Rc1 Qa5 16. Nb1 Rfe8 17. h3 Bh5 18. b4 Qb6 19. g4 Bg6 20. Nh4 Ne7 21. f4 Qf6 22.
Ng2 Qd6 23. Bf3 f5 24. Nd2 Rac8 25. Re3 Nc6 26. Bxe4 dxe4 27. Qe1 Qd7 28. Rg3
Qc7 29. gxf5 Bxf5 30. Rd1 Bg6 31. Qf1 Ne7 32. Nh4 Rf8 33. Nxg6 Nxg6 34. Nxe4 Rxf4
35. Qd3 Rxe4 36. Rxg6 hxg6 37. Qxe4 Qg3+ 38. Qg2 Rxc3 39. Qxg3 Rxg3+ 40. Kh2 Rb3
41. d5 Kf8 42. d6 Ke8 43. d7+ Kd8 44. Rd4 Re3 45. Kg2 Re7 46. Rd6 Rxd7 47. Rxg6
Ke8 48. Kf3 Kf7 49. Rg4 Rd3+ 50. Kg2 g6 51. h4 Rb3 52. Kf2 Kf6 53. Ke2 Kf5 54.
Rc4 b6 55. Rd4 Rg3 56. Rd5+ Ke6 57. Rd4 Ke5 58. Rc4 Kd5 59. Rf4 Rc3 60. Rg4 Rc6
61. b5 Re6+ 62. Kd3 Kc5 63. Rg5+ Kb4 64. h5 gxh5 65. Rxh5 Rg6 66. Rh7 Rg3+ 67.
Kc2 Ra3 68. Kb2 Ra5 69. Rc7 Kxb5 70. Kb3 Ka6 71. Rh7 Rg5 72. Kb4 Rg4+ 73. Kb3
b5 74. Rf7 Kb6 75. Rf6+ Ka5 76. Rf7 Rg3+ 77. Kb2 a6 78. Rf6 b4 79. Rf1 Kb5 80.
Rf5+ Ka4 81. Rf4 Rg2+ 82. Kb1 a5 0-1

[Event "WIOSENNY OGOLNOPOLSKI INTEGRACYJNY TURNIEJ SZACHOWY"]
[Site "WEGIERSKA GORKA - OW AZALIA"]
[Date "1899-12-30"]
[Round "3.6"]
[White "Aleksandrowicz, Marek"]
[Black "Flazinski, Jozef"]
[Result "1/2-1/2"]
[WhiteTitle "I++"]
[BlackTitle "I++"]
[WhiteElo "1859"]
[BlackElo "1793"]

1. e4 c5 2. c3 d5 3. exd5 Qxd5 4. d4 e6 5. Nf3 Nf6 6. Bd3 Nc6 7. O-O cxd4 8. cxd4
Be7 9. Nc3 Qd8 10. Be3 O-O 11. Ne5 Nb4 12. Bb1 Nbd5 13. Nxd5 Nxd5 14. Qd3 f5 15.
a3 Bf6 16. Ba2 b6 17. Rac1 Bb7 18. Bd2 Re8 19. Rfe1 1/2-1/2

[Event "WIOSENNY OGOLNOPOLSKI INTEGRACYJNY TURNIEJ SZACHOWY"]
[Site "WEGIERSKA GORKA - OW AZALIA"]
[Date "1899-12-30"]
[Round "3.7"]
[White "Temel, Jan"]
[Black "Sukiennik, Marek"]
[Result "1-0"]
[WhiteTitle "I++"]
[BlackTitle "I+"]
[WhiteElo "1803"]
[BlackElo "1851"]

1. f4 e5 2. fxe5 d6 3. exd6 Bxd6 4. Nf3 g5 5. g3 g4 6. Nh4 Ne7 7. e4 Ng6 8. Nf5
Bxf5 9. exf5 Ne5 10. Bg2 Nbc6 11. O-O Qf6 12. Nc3 O-O-O 13. Nd5 Bc5+ 14. Kh1 Qd6
15. f6 Nd4 16. Rf4 h5 17. b4 Bb6 18. Bb2 Nef3 19. c4 c5 20. Bxd4 Nxd4 21. Rxd4
cxd4 22. c5 Bxc5 23. bxc5 Qe5 24. Qb3 h4 25. Ne7+ Kd7 26. Qxf7 Qh5 27. Ng6+ 1-0

[Event "WIOSENNY OGOLNOPOLSKI INTEGRACYJNY TURNIEJ SZACHOWY"]
[Site "WEGIERSKA GORKA - OW AZALIA"]
[Date "1899-12-30"]
[Round "3.8"]
[White "Mannke, Manfred"]
[Black "Olszewski, Jerzy"]
[Result "1-0"]
[WhiteTitle "k"]
[BlackTitle "I"]
[WhiteElo "2162"]
[BlackElo "1514"]

1. d4 d5 2. c4 c6 3. Nc3 Nf6 4. Nf3 g6 5. e3 Bg4 6. Bd3 Bxf3 7. Qxf3 e6 8. O-O
Bg7 9. Rd1 O-O 10. b3 Re8 11. Bb2 Nbd7 12. Rac1 Nb6 13. e4 dxe4 14. Nxe4 Nxe4
15. Bxe4 1-0

[Event "WIOSENNY OGOLNOPOLSKI INTEGRACYJNY TURNIEJ SZACHOWY"]
[Site "WEGIERSKA GORKA - OW AZALIA"]
[Date "1899-12-30"]
[Round "3.9"]
[White "Wisla, Jakub"]
[Black "Pastuszko, Katarzyna"]
[Result "1-0"]
[WhiteTitle "II+"]
[BlackTitle "I+"]
[WhiteElo "1881"]
[BlackElo "1351"]

1. e4 e5 2. Nf3 Nc6 3. Bc4 Nf6 4. d3 Bc5 5. Bg5 d6 6. c3 Bg4 7. Nbd2 a6 8. b4 Ba7
9. Nf1 h6 10. Bh4 g5 11. Bg3 b5 12. Bb3 d5 13. N1d2 dxe4 14. dxe4 Qd3 15. Qc2
Rd8 16. Qxd3 Rxd3 17. Nxe5 Nxe5 18. Bxe5 Ke7 19. f3 Rhd8 20. Rd1 Be3 21. Nf1 Rxd1+
22. Bxd1 Bf2+ 23. Kxf2 Nxe4+ 24. fxe4 Rxd1 25. Bxc7 Ra1 26. h3 Rxa2+ 27. Ke3 Be6
28. Nd2 f5 29. exf5 Bxf5 30. g4 Bg6 31. Bb6 Rc2 32. Bd4 Bf7 33. Rf1 Bd5 34. Rf6
Bg2 35. Rxh6 Kf7 36. h4 gxh4 37. Rxh4 Kg6 38. Rh2 Bd5 39. Rf2 Ra2 40. Rf6+ Kh7
41. g5 Ra1 42. Rh6+ Kg8 43. g6 1-0

[Event "WIOSENNY OGOLNOPOLSKI INTEGRACYJNY TURNIEJ SZACHOWY"]
[Site "WEGIERSKA GORKA - OW AZALIA"]
[Date "1899-12-30"]
[Round "3.18"]
[White "Kultucki, Kamil"]
[Black "Biernot, Mariusz"]
[Result "1-0"]
[WhiteTitle "II"]
[BlackTitle "I"]
[WhiteElo "1313"]
[BlackElo "1627"]

1. e4 c5 2. Nf3 d6 3. d4 cxd4 4. Nxd4 Nf6 5. Nc3 a6 6. Bg5 e6 7. f4 Be7 8. Qf3
Qc7 9. O-O-O Nbd7 10. f5 Ne5 11. Qf4 Bd7 12. g4 Nexg4 13. Bxf6 Nxf6 14. Qf3 O-O-O
15. fxe6 fxe6 16. Bh3 e5 17. Ne6 Bxe6 18. Bxe6+ Kb8 19. Rhf1 Rhf8 20. Qe2 g6 21.
Rd3 Rde8 22. Nd5 Nxd5 23. Bxd5 Ka7 24. Rb3 b6 25. Ra3 Qc8 26. Bc4 Bg5+ 27. Kb1
Rxf1+ 28. Qxf1 Rf8 29. Qd3 Qc5 30. Rxa6+ Kb8 31. a3 b5 32. Bd5 Rc8 33. c3 Bd8
34. Qf1 Bb6 35. Ra8+ 1-0

[Event "WIOSENNY OGOLNOPOLSKI INTEGRACYJNY TURNIEJ SZACHOWY"]
[Site "WEGIERSKA GORKA - OW AZALIA"]
[Date "1899-12-30"]
[Round "3.28"]
[White "Kulka, Wladyslaw"]
[Black "Jalowiczor, Pawel"]
[Result "1/2-1/2"]
[WhiteTitle "II"]
[BlackTitle "II"]
[WhiteElo "1449"]
[BlackElo "1398"]

1. e4 e5 2. Nf3 Nc6 3. Bc4 h6 4. d3 Nf6 5. Nc3 Bb4 6. Bd2 O-O 7. a3 Bxc3 8. Bxc3
d6 9. h3 Ne7 10. b4 Ng6 11. Bd2 Nd7 12. c3 Nb6 13. Bb3 Bd7 14. Be3 Nc8 15. c4
b6 16. b5 Qf6 17. Qd2 Nh4 18. Nxh4 Qxh4 19. O-O-O Ne7 1/2-1/2

[Event "WIOSENNY OGOLNOPOLSKI INTEGRACYJNY TURNIEJ SZACHOWY"]
[Site "WEGIERSKA GORKA - OW AZALIA"]
[Date "1899-12-30"]
[Round "3.29"]
[White "Karamucki, Henryk"]
[Black "Miodonski, Miroslaw"]
[Result "0-1"]
[WhiteTitle "II"]
[BlackTitle "I"]
[WhiteElo "1357"]
[BlackElo "1504"]

1. d4 c5 2. d5 Nf6 3. Nf3 d6 4. e3 g6 5. c4 Bg7 6. Nc3 O-O 7. Bd3 Nbd7 8. O-O b6
9. Qc2 Re8 10. e4 Bb7 11. Bd2 Ne5 12. Nxe5 dxe5 13. a4 a5 14. Nb5 Qd7 15. f4 Nh5
16. f5 Rad8 17. Be2 Nf6 18. Bc3 e6 19. fxe6 fxe6 20. Rad1 exd5 21. exd5 Ng4 22.
Qe4 Nh6 23. Qc2 Bc8 24. Qe4 Qb7 25. Bf3 Nf5 26. Qd3 Nd4 27. Be4 Bf5 28. Na3 Bxe4
29. Qxe4 Nf5 30. Rfe1 Nd6 31. Qe2 e4 32. Bxg7 Qxg7 33. Qc2 Re5 34. Qc3 Qe7 35.
Nc2 Re8 36. Ne3 h5 37. Qb3 Qc7 38. Rf1 Nf5 39. Nxf5 Rxf5 40. Rxf5 gxf5 41. Qb5
Rd8 42. Rf1 f4 43. Qc6 Qxc6 44. dxc6 e3 45. h3 e2 46. Kf2 exf1=Q+ 47. Kxf1 Rc8
0-1

[Event "WIOSENNY OGOLNOPOLSKI INTEGRACYJNY TURNIEJ SZACHOWY"]
[Site "WEGIERSKA GORKA - OW AZALIA"]
[Date "1899-12-30"]
[Round "3.30"]
[White "Chojecka, Teresa"]
[Black "Sukiennik, Oliwier"]
[Result "0-1"]
[WhiteTitle "III"]
[BlackTitle "II+"]
[WhiteElo "1095"]
[BlackElo "1448"]

1. d4 Nf6 2. Nf3 g6 3. Nc3 Bg7 4. e4 d6 5. Bd3 O-O 6. O-O Nc6 7. d5 Nb8 8. a4 c6
9. b3 cxd5 10. exd5 Nxd5 11. Bb2 Nxc3 12. Bxc3 Bxc3 13. Rc1 Nc6 14. Qe2 Bg4 15.
Qe4 Bf5 16. Qh4 Bf6 17. Qc4 Na5 18. Qf4 e5 19. Qe3 e4 20. Nd2 exd3 21. cxd3 Re8
22. Qf3 Be5 23. Nc4 Nxc4 24. dxc4 Qg5 25. Rce1 Bg4 26. Qd3 Qh5 27. Qd5 Qxh2# 0-1

[Event "WIOSENNY OGOLNOPOLSKI INTEGRACYJNY TURNIEJ SZACHOWY"]
[Site "WEGIERSKA GORKA - OW AZALIA"]
[Date "1899-12-30"]
[Round "4.1"]
[White "Kawula, Andrzej"]
[Black "Malecki, Rafal"]
[Result "0-1"]
[WhiteTitle "k"]
[BlackTitle "k+"]
[WhiteElo "1874"]
[BlackElo "1959"]

1. d4 Nf6 2. c4 e5 3. e3 Bb4+ 4. Bd2 Bxd2+ 5. Qxd2 exd4 6. exd4 O-O 7. Nc3 Re8+
8. Be2 d5 9. O-O-O Be6 10. Nf3 c6 11. Ng5 Bf5 12. f3 h6 13. g4 Bg6 14. Nh3 dxc4
15. Bxc4 b5 16. Bb3 a5 17. Nf4 a4 18. Bc2 Bxc2 19. Qxc2 Qd6 20. Qd2 b4 21. Nce2
Nd5 22. Kb1 Nd7 23. Nxd5 Qxd5 24. Qd3 Rad8 25. Nf4 Qg5 26. Nh5 Re3 27. Qc4 Qg6+
28. Ka1 a3 29. Qxb4 Rb8 30. Nf4 Qc2 0-1

[Event "WIOSENNY OGOLNOPOLSKI INTEGRACYJNY TURNIEJ SZACHOWY"]
[Site "WEGIERSKA GORKA - OW AZALIA"]
[Date "1899-12-30"]
[Round "4.2"]
[White "Barwinski, Dionizy"]
[Black "Leszner, Liliana"]
[Result "1-0"]
[WhiteTitle "FM"]
[BlackTitle "WIM"]
[WhiteElo "1938"]
[BlackElo "1837"]

1. d4 Nf6 2. c4 c5 3. d5 e6 4. Nc3 exd5 5. cxd5 d6 6. Nf3 g6 7. e4 Bg7 8. Be2 O-O
9. O-O a6 10. a4 Re8 11. Nd2 Nbd7 12. Qc2 Nf8 13. Nc4 Rb8 14. Bf4 b6 15. Nxd6
g5 16. Nxe8 gxf4 17. Nxg7 Kxg7 18. e5 Ng4 19. Bxg4 Bxg4 20. f3 Bc8 21. Rfe1 Qg5
22. Qd2 b5 23. axb5 axb5 24. Ra7 Kg8 25. g3 Ng6 26. e6 fxe6 27. dxe6 Ne5 28. Rxe5
Qxe5 29. Qd8# 1-0

[Event "WIOSENNY OGOLNOPOLSKI INTEGRACYJNY TURNIEJ SZACHOWY"]
[Site "WEGIERSKA GORKA - OW AZALIA"]
[Date "1899-12-30"]
[Round "4.3"]
[White "Furtak, Joanna"]
[Black "Temel, Jan"]
[Result "1-0"]
[WhiteTitle "k"]
[BlackTitle "I++"]
[WhiteElo "1892"]
[BlackElo "1803"]

1. e4 g6 2. d4 Bg7 3. Nc3 d6 4. Be3 Nc6 5. Qd2 Nf6 6. f3 O-O 7. Nge2 e5 8. d5 Ne7
9. g4 c6 10. Ng3 cxd5 11. exd5 Qa5 12. Bc4 a6 13. Bb3 b5 14. g5 b4 15. gxf6 bxc3
16. Qxc3 Qxc3+ 17. bxc3 Bxf6 18. h4 Nf5 19. Nxf5 Bxf5 20. Kd2 Rfc8 21. Raf1 e4
22. fxe4 Bxe4 23. Rxf6 Bxh1 24. Rxd6 Rd8 25. Rxd8+ Rxd8 26. c4 Kg7 27. Kd3 h6
28. Kd4 Re8 29. c5 f5 30. c6 f4 31. Bxf4 Re4+ 32. Kc5 Rxf4 33. c7 Rf8 34. d6 1-0

[Event "WIOSENNY OGOLNOPOLSKI INTEGRACYJNY TURNIEJ SZACHOWY"]
[Site "WEGIERSKA GORKA - OW AZALIA"]
[Date "1899-12-30"]
[Round "4.4"]
[White "Flazinski, Jozef"]
[Black "Mannke, Manfred"]
[Result "1-0"]
[WhiteTitle "I++"]
[BlackTitle "k"]
[WhiteElo "1793"]
[BlackElo "2162"]

1. e4 d6 2. d4 Nf6 3. Nc3 c6 4. h3 Qa5 5. Bd3 e5 6. dxe5 dxe5 7. Nf3 Be7 8. Bd2
Qc7 9. Bg5 Be6 10. Nh4 h6 11. Be3 Nxe4 12. Nxe4 Bxh4 13. Nc5 Bc8 14. Qh5 Qe7 15.
O-O-O O-O 16. Ne4 Nd7 17. g3 Bf6 18. g4 g6 19. Nxf6+ Qxf6 20. Qxh6 Qg7 21. Qh4
Re8 22. Bc4 Nf8 23. f4 Be6 24. Bxe6 Nxe6 25. f5 g5 26. Qf2 Nf4 27. h4 f6 28. hxg5
fxg5 29. Rd6 Kf7 30. Bxf4 exf4 31. Rd7+ Re7 32. Rxe7+ Kxe7 33. Qe2+ Kf8 34. Qe6
Re8 35. Qd6+ Kf7 36. f6 Qf8 37. Qd7+ Kxf6 38. Qf5+ Ke7 39. Rh7+ 1-0

[Event "WIOSENNY OGOLNOPOLSKI INTEGRACYJNY TURNIEJ SZACHOWY"]
[Site "WEGIERSKA GORKA - OW AZALIA"]
[Date "1899-12-30"]
[Round "4.5"]
[White "Klucznik, Andre"]
[Black "Wisla, Jakub"]
[Result "1/2-1/2"]
[WhiteTitle "I"]
[BlackTitle "II+"]
[WhiteElo "1687"]
[BlackElo "1881"]

1. c4 c5 2. g3 g6 3. Bg2 Bg7 4. Nf3 Nc6 5. Nc3 Nf6 6. O-O d5 7. d4 cxd4 8. Nxd4
e6 9. cxd5 exd5 10. Nxc6 bxc6 11. e4 Bg4 12. Qa4 Bd7 13. exd5 cxd5 14. Re1+ Kf8
15. Qa3+ Kg8 16. Bg5 Be6 17. Rad1 Qb6 18. Bxf6 Bxf6 19. Nxd5 Bxd5 20. Bxd5 Rd8
21. Qf3 Kg7 22. b3 Rhf8 23. Bc4 Bd4 24. Kg2 Rd6 25. Re4 Rf6 26. Rf4 Rd8 27. Rxf6
Qxf6 28. Qxf6+ Bxf6 29. Rxd8 Bxd8 30. f4 f5 1/2-1/2

[Event "WIOSENNY OGOLNOPOLSKI INTEGRACYJNY TURNIEJ SZACHOWY"]
[Site "WEGIERSKA GORKA - OW AZALIA"]
[Date "1899-12-30"]
[Round "4.6"]
[White "Gasik, Piotr"]
[Black "Aleksandrowicz, Marek"]
[Result "0-1"]
[WhiteTitle "k"]
[BlackTitle "I++"]
[WhiteElo "2018"]
[BlackElo "1859"]

1. c4 c6 2. e4 d5 3. exd5 cxd5 4. cxd5 Nf6 5. Qa4+ Nbd7 6. Nc3 g6 7. Bc4 Bg7 8.
d3 O-O 9. h3 a6 10. Be3 Rb8 11. Bb3 b5 12. Qf4 Nh5 13. Qh2 Ne5 14. d4 Nd7 15.
g4 Nhf6 16. Bf4 Rb7 17. Nge2 Nb6 18. d6 exd6 19. Bxd6 Re8 20. O-O Nc4 21. Bxc4
bxc4 22. Ba3 Rd7 23. Rfe1 Bb7 24. Rad1 h5 25. Qf4 hxg4 26. hxg4 Ne4 27. f3 Ng5
0-1

[Event "WIOSENNY OGOLNOPOLSKI INTEGRACYJNY TURNIEJ SZACHOWY"]
[Site "WEGIERSKA GORKA - OW AZALIA"]
[Date "1899-12-30"]
[Round "4.8"]
[White "Sukiennik, Marek"]
[Black "Weglarz, Janusz"]
[Result "1-0"]
[WhiteTitle "I+"]
[BlackTitle "I"]
[WhiteElo "1851"]
[BlackElo "1601"]

1. c4 e5 2. Nc3 Nc6 3. Nf3 d6 4. d4 exd4 5. Nxd4 Bd7 6. e4 h6 7. Be3 Nf6 8. Be2
Be7 9. g4 Nxd4 10. Bxd4 Bc6 11. f3 a6 12. h4 Qd7 13. b4 b6 14. a4 Bb7 15. Be3
a5 16. bxa5 Rxa5 17. Kf2 Bc6 18. g5 Ng8 19. Nb5 Bxb5 20. cxb5 g6 21. Bc4 h5 22.
Qd5 Rh7 23. Qb7 Qd8 24. Bd5 Kf8 25. Rhc1 Qd7 26. Rxc7 Qh3 27. Qc8+ Qxc8 28. Rxc8+
1-0

[Event "WIOSENNY OGOLNOPOLSKI INTEGRACYJNY TURNIEJ SZACHOWY"]
[Site "WEGIERSKA GORKA - OW AZALIA"]
[Date "1899-12-30"]
[Round "4.9"]
[White "Bobrowski, Piotr"]
[Black "Klimanek, Daniel"]
[Result "1/2-1/2"]
[WhiteTitle "k"]
[BlackTitle "I"]
[WhiteElo "1833"]
[BlackElo "1594"]

1. c4 e5 2. Nc3 Nc6 3. g3 f5 4. Bg2 Nf6 5. e3 d5 6. cxd5 Nb4 7. d4 e4 8. Bf1 Nbxd5
9. Bc4 c6 10. Bd2 Bd6 11. Qb3 Bc7 12. Nge2 O-O 13. Nf4 Bxf4 14. gxf4 b5 15. Nxd5
Nxd5 16. Bxd5+ Qxd5 17. Qxd5+ cxd5 18. Rc1 Be6 19. Rc6 Kf7 20. Rc7+ Kf6 21. O-O
h6 22. Rfc1 Rfc8 23. a3 a6 24. R1c6 Rxc7 25. Rxc7 Rc8 26. Rc5 g5 27. fxg5+ hxg5
28. Ba5 f4 29. Bc7 Kf5 30. Kg2 Kg4 31. Rc6 Bd7 32. Rc5 Be6 33. Rc6 1/2-1/2

[Event "WIOSENNY OGOLNOPOLSKI INTEGRACYJNY TURNIEJ SZACHOWY"]
[Site "WEGIERSKA GORKA - OW AZALIA"]
[Date "1899-12-30"]
[Round "4.11"]
[White "Janocha, Jan"]
[Black "Ulrych, Wojciech"]
[Result "0-1"]
[WhiteTitle "I"]
[BlackTitle "I++"]
[WhiteElo "1595"]
[BlackElo "1813"]

1. e4 Nf6 2. Nc3 e5 3. Nf3 Nc6 4. Bc4 Bb4 5. d3 d6 6. O-O Bg4 7. Be3 Bc5 8. Nd5
Nd4 9. Bxd4 Bxd4 10. c3 Bb6 11. Ne3 Bh5 12. h3 Qd7 13. Nf5 O-O 14. Ng3 Rae8 15.
a4 c6 16. Bb3 a6 17. Bc2 d5 18. Re1 Qd6 19. Qe2 Re6 20. Rad1 Rfe8 21. Nf5 Qb8
22. g4 Nxg4 23. hxg4 Bxg4 24. Kg2 Rg6 25. N5h4 Bxf3+ 26. Kxf3 Rf6+ 27. Nf5 g6
28. Rg1 Kh8 29. Rg4 gxf5 30. exf5 Rxf5+ 31. Kg2 Rxf2+ 32. Qxf2 Bxf2 33. Kxf2 e4
34. dxe4 Qh2+ 35. Rg2 Qf4+ 36. Kg1 Qe3+ 37. Kh2 Re5 38. Kh1 Rh5+ 39. Rh2 Qf3+
0-1

[Event "WIOSENNY OGOLNOPOLSKI INTEGRACYJNY TURNIEJ SZACHOWY"]
[Site "WEGIERSKA GORKA - OW AZALIA"]
[Date "1899-12-30"]
[Round "4.13"]
[White "Sosnowska, Elzbieta"]
[Black "Urban, Marek"]
[Result "1-0"]
[WhiteTitle "WFM"]
[BlackTitle "I"]
[WhiteElo "1730"]
[BlackElo "1573"]

1. e4 e5 2. Nc3 Nc6 3. g3 Nf6 4. Bg2 Bc5 5. Nd5 d6 6. h3 h6 7. c3 Bd7 8. Ne2 Nxd5
9. exd5 Ne7 10. O-O Ng6 11. d4 exd4 12. Nxd4 O-O 13. b4 Bb6 14. a4 a5 15. b5 Qc8
16. Kh2 Ne5 17. f4 Ng6 18. Be3 Re8 19. Qd2 Qd8 20. Rae1 Qf6 21. Bf2 Bc5 22. Bf3
b6 23. Kg2 Rac8 24. Rh1 Ne7 25. h4 Kf8 26. h5 Bxd4 27. Bxd4 1-0

[Event "WIOSENNY OGOLNOPOLSKI INTEGRACYJNY TURNIEJ SZACHOWY"]
[Site "WEGIERSKA GORKA - OW AZALIA"]
[Date "1899-12-30"]
[Round "4.15"]
[White "Luka, Maksym"]
[Black "Wesolowski, Tadeusz"]
[Result "1/2-1/2"]
[WhiteTitle "II+"]
[BlackTitle "k"]
[WhiteElo "1478"]
[BlackElo "1739"]

1. c4 e5 2. Nc3 Nc6 3. g3 d6 4. Bg2 g6 5. e3 Bg7 6. Nge2 Nge7 7. O-O O-O 8. a3
Be6 9. Nd5 Bxd5 10. cxd5 Nb8 11. Qb3 Nd7 12. Qxb7 Nc5 13. Qb4 Rb8 14. Qc4 Nb3
15. Ra2 Qd7 16. d3 Rb7 17. e4 c5 18. dxc6 Nxc6 19. Qc2 Rc8 20. Qd1 Qe6 21. Nc3
Ncd4 22. Be3 Bf6 23. Bf3 Qe8 24. Bxd4 Nxd4 25. Bg4 Rcb8 26. Nd5 Bd8 27. b4 Kg7
28. Qa1 a5 29. f4 axb4 30. Nxb4 Ba5 31. Nd5 Qb5 32. fxe5 dxe5 33. Qd1 Qb1 34.
Raf2 Qxd1 35. Bxd1 f5 36. Kg2 Rb2 37. Rxb2 Rxb2+ 38. Rf2 Rb1 39. Rf1 Rb2+ 40.
Kh3 Rd2 41. exf5 gxf5 42. Ne3 Rxd3 43. Nxf5+ Nxf5 44. Rxf5 Rxd1 45. Rxe5 Bd8 46.
Re4 Rd5 47. a4 Bf6 48. Rc4 Ra5 49. Rg4+ Kf7 50. Rc4 Rh5+ 51. Kg2 1/2-1/2

[Event "WIOSENNY OGOLNOPOLSKI INTEGRACYJNY TURNIEJ SZACHOWY"]
[Site "WEGIERSKA GORKA - OW AZALIA"]
[Date "1899-12-30"]
[Round "4.18"]
[White "Pastuszko, Katarzyna"]
[Black "Feliksinski, Tadeusz"]
[Result "1-0"]
[WhiteTitle "I+"]
[BlackTitle "I"]
[WhiteElo "1351"]
[BlackElo "1627"]

1. e4 d5 2. exd5 Qxd5 3. d4 Nc6 4. Nf3 Bg4 5. Be2 e6 6. c4 Bb4+ 7. Nc3 Bxc3+ 8.
bxc3 Qd8 9. d5 Nce7 10. Qa4+ c6 11. Ba3 exd5 12. cxd5 Bd7 13. d6 Nd5 14. Qe4+
Be6 15. c4 Nc3 16. Qe5 Qf6 17. d7+ Kd8 18. Qd6 Qe7 19. Qxe7+ Nxe7 20. Rc1 Nxe2
21. Kxe2 Kxd7 22. Rhd1+ Ke8 23. Ng5 Bf5 24. Rd4 h6 25. Nh3 Rd8 26. Rxd8+ Kxd8
27. Rd1+ Ke8 28. Re1 Be6 29. Nf4 Bxc4+ 30. Kd2 g5 31. Rxe7+ Kd8 32. Nd3 Kc8 33.
Nc5 Rd8+ 34. Kc1 b6 35. Nb7 Rd3 36. Bd6 Ba6 37. Rc7+ Kb8 38. Rd7+ Kc8 39. Rd8+
1-0

[Event "WIOSENNY OGOLNOPOLSKI INTEGRACYJNY TURNIEJ SZACHOWY"]
[Site "WEGIERSKA GORKA - OW AZALIA"]
[Date "1899-12-30"]
[Round "4.19"]
[White "Wroblewski, Mieczyslaw"]
[Black "Jaworowski, Andre"]
[Result "1-0"]
[WhiteTitle "I"]
[BlackTitle "I"]
[WhiteElo "1588"]
[BlackElo "1321"]

1. e4 g6 2. d4 Bg7 3. Nf3 d6 4. h3 e6 5. c4 b6 6. Nc3 Bb7 7. Bd3 Nd7 8. Be3 Ne7
9. O-O O-O 10. Qd2 Re8 11. Bh6 Bh8 12. Rad1 c5 13. Bc2 cxd4 14. Nxd4 Ne5 15. Bb3
a6 16. f4 Nd7 17. Nf3 Nc8 18. e5 Nc5 19. exd6 Nxb3 20. axb3 Bxf3 21. Rxf3 Qd7
22. Bg5 f6 23. Bh4 f5 24. Re3 e5 25. Qd5+ Kf8 26. Qxa8 Nxd6 27. Qd5 1-0

[Event "WIOSENNY OGOLNOPOLSKI INTEGRACYJNY TURNIEJ SZACHOWY"]
[Site "WEGIERSKA GORKA - OW AZALIA"]
[Date "1899-12-30"]
[Round "4.26"]
[White "Miodonski, Miroslaw"]
[Black "Kudlacik, Jan"]
[Result "0-1"]
[WhiteTitle "I"]
[BlackTitle "II"]
[WhiteElo "1504"]
[BlackElo "1289"]

1. Nf3 Nf6 2. b4 e6 3. b5 d6 4. Bb2 Be7 5. e3 h6 6. a4 O-O 7. Be2 c5 8. c4 Nbd7
9. O-O Re8 10. Qb3 Bf8 11. Rd1 Rb8 12. a5 a6 13. b6 Qe7 14. Bf1 e5 15. d4 e4 16.
Nfd2 Qe6 17. Nc3 cxd4 18. exd4 e3 19. d5 exf2+ 20. Kh1 Qf5 21. Ne2 Nc5 22. Qf3
Qxf3 23. Nxf3 Nfe4 24. Ra3 Bf5 25. Nfd4 Bg6 26. Ng3 Ng5 27. h4 Nge4 28. Ndf5 Nxg3+
29. Nxg3 Re1 30. Raa1 Rbe8 31. Kh2 Rxd1 32. Rxd1 Re1 33. Be2 Rxd1 34. Bxd1 Bd3
35. Bd4 f1=Q 36. Nxf1 Bxf1 37. Bxc5 dxc5 38. d6 Bxd6+ 39. Kh3 Bxc4 40. Bf3 Be6+
41. g4 Bc8 0-1

[Event "WIOSENNY OGOLNOPOLSKI INTEGRACYJNY TURNIEJ SZACHOWY"]
[Site "WEGIERSKA GORKA - OW AZALIA"]
[Date "1899-12-30"]
[Round "5.1"]
[White "Malecki, Rafal"]
[Black "Barwinski, Dionizy"]
[Result "1-0"]
[WhiteTitle "k+"]
[BlackTitle "FM"]
[WhiteElo "1959"]
[BlackElo "1938"]

1. Nf3 Nf6 2. g3 d5 3. Bg2 c6 4. O-O Bf5 5. d3 Nbd7 6. b3 e6 7. Bb2 h6 8. Nbd2
Be7 9. e4 Bh7 10. Qe2 O-O 11. e5 Ne8 12. h4 a5 13. a4 Nc5 14. Bh3 Nc7 15. Nd4
N7a6 16. f4 g6 17. h5 Qd7 18. Rf2 Nc7 19. Raf1 Ne8 20. g4 g5 21. fxg5 Bxg5 22.
N2f3 Bf4 23. Ne1 Bg5 24. Ng2 Nc7 25. Nf3 Qd8 26. Nxg5 hxg5 27. Qe3 N7a6 28. Rf6
Nd7 29. Qxg5+ Kh8 30. Qh6 Nxf6 31. exf6 Rg8 32. Nf4 Qf8 33. Ng6+ Rxg6 34. Qxf8+
Rxf8 35. hxg6 Bxg6 36. g5 Rc8 37. Bxe6 Re8 38. Bg4 Nb4 39. Rf2 c5 40. Kg2 Re1
41. Bc3 Rc1 42. Bxb4 axb4 43. Bf3 c4 44. Bxd5 cxd3 45. cxd3 Rc5 46. Bxb7 Bxd3
47. Kf3 Rc3 48. Kf4 Kg8 49. Bd5 Bc2 50. Rf3 Rc5 51. Ke5 Bb1 52. Kd4 Rc7 53. Re3
Bg6 54. Re8+ Kh7 55. Re7 Rc1 56. Bxf7 Bxf7 57. Rxf7+ Kg6 58. Rg7+ Kf5 59. f7 1-0

[Event "WIOSENNY OGOLNOPOLSKI INTEGRACYJNY TURNIEJ SZACHOWY"]
[Site "WEGIERSKA GORKA - OW AZALIA"]
[Date "1899-12-30"]
[Round "5.2"]
[White "Aleksandrowicz, Marek"]
[Black "Furtak, Joanna"]
[Result "1/2-1/2"]
[WhiteTitle "I++"]
[BlackTitle "k"]
[WhiteElo "1859"]
[BlackElo "1892"]

1. e4 c5 2. Nf3 Nc6 3. Bb5 e6 4. Bxc6 bxc6 5. b3 d5 6. Nc3 Be7 7. O-O Nf6 8. d3
O-O 9. Re1 Qc7 10. Ba3 c4 11. Bxe7 Qxe7 12. e5 Nd7 13. dxc4 dxc4 14. Ne4 cxb3
15. axb3 Rd8 16. Qe2 f5 17. exf6 gxf6 18. Red1 Bb7 19. Nd6 Nf8 20. Nxb7 Qxb7 21.
Nd4 Rd6 22. Qg4+ Kh8 23. Re1 1/2-1/2

[Event "WIOSENNY OGOLNOPOLSKI INTEGRACYJNY TURNIEJ SZACHOWY"]
[Site "WEGIERSKA GORKA - OW AZALIA"]
[Date "1899-12-30"]
[Round "5.3"]
[White "Wisla, Jakub"]
[Black "Flazinski, Jozef"]
[Result "0-1"]
[WhiteTitle "II+"]
[BlackTitle "I++"]
[WhiteElo "1881"]
[BlackElo "1793"]

1. e4 c5 2. g3 Nc6 3. Bg2 g6 4. d3 Bg7 5. Ne2 e6 6. c3 Nge7 7. Be3 b6 8. Na3 Bb7
9. Qd2 d5 10. O-O dxe4 11. Bxe4 Qd7 12. f4 Rd8 13. Rad1 O-O 14. Nc2 f5 15. Bg2
e5 16. Ne1 Nd5 17. Nf3 Rfe8 18. Rfe1 Bh6 19. Ng5 Nxe3 20. Qxe3 exf4 21. Qxf4 Ne5
22. h4 Bxg2 23. Kxg2 Qd5+ 24. Kh3 Bxg5 25. hxg5 Nxd3 26. Qf1 Qe4 27. Rxd3 Rxd3
28. Nf4 Qxe1 29. Qxe1 Rxe1 30. Nxd3 Re3 31. Nf4 Kg7 32. Kg2 h6 33. Kf2 Re4 34.
gxh6+ Kxh6 35. Nd5 g5 36. a3 Re5 37. Ne3 Kg6 38. Nc4 Re6 39. Kf3 g4+ 40. Kf2 Kg5
41. Ne3 Rd6 42. Nc4 Rd3 43. a4 f4 44. gxf4+ Kxf4 45. Kg2 g3 46. Kh3 a6 47. Kg2
b5 48. axb5 axb5 49. Na3 Rd2+ 50. Kg1 Kf3 0-1

[Event "WIOSENNY OGOLNOPOLSKI INTEGRACYJNY TURNIEJ SZACHOWY"]
[Site "WEGIERSKA GORKA - OW AZALIA"]
[Date "1899-12-30"]
[Round "5.4"]
[White "Temel, Jan"]
[Black "Kawula, Andrzej"]
[Result "0-1"]
[WhiteTitle "I++"]
[BlackTitle "k"]
[WhiteElo "1803"]
[BlackElo "1874"]

1. f4 d5 2. Nf3 Nf6 3. g3 c5 4. Bg2 Nc6 5. c4 e6 6. b3 Be7 7. Bb2 O-O 8. a3 Qc7
9. Qc2 d4 10. e3 Rd8 11. O-O e5 12. fxe5 Nxe5 13. Ng5 h6 14. exd4 cxd4 15. Ne4
Neg4 16. h3 d3 17. Qc3 Bc5+ 18. Nxc5 Qxc5+ 19. Kh1 Nf2+ 20. Kh2 N6g4+ 21. hxg4
Nxg4+ 22. Kh1 Qh5+ 23. Kg1 Qh2# 0-1